000 00549nam a2200169Ia 4500
008 220216s9999 xx 000 0 und d
100 _aShalendra
245 0 _aCrop production planning for sustainable agriculture in Western Uttar Pradesh through lexicographic goal programming
260 _bIndian Journal of Agricultural Economics
_c2005
300 _a617-628
650 _aCrop production
650 _aLexicographic goal programming
650 _aSustainable agriculture
650 _aUttar Pradesh
700 _aTewari S K
942 _cJS
999 _c56546
_d56546